Labour market policies : new challenges : theme 2 : enhancing the effectiveness of active labour market policies : a streamlined public employment service /

Bibliographic Details
Corporate Author: Organisation for Economic Co-operation and Development
Format: Book
Language:English
Published: Paris : OECD, 1997.
Series:OECD working papers. v. 5, no. 87.
Subjects:

MARC

Tag First Indicator Second Indicator Subfields
LEADER 00000cam a22000005a 4500
001 in00001402866
005 20151020053051.0
008 971202s1997 fr d b i000 0 eng d
035 |a (OCoLC)38022813 
035 |9 AHM6901AM 
040 |a IL#  |c IL#  |d TXA  |d UtOrBLW 
049 |a TXAM 
090 |a HD72  |b .O38 v.5, no.87 
245 0 0 |a Labour market policies :  |b new challenges : theme 2 : enhancing the effectiveness of active labour market policies : a streamlined public employment service /  |c Organisation for Economic Co-operation and Development. 
264 1 |a Paris :  |b OECD,  |c 1997. 
300 |a 28 pages :  |b tables 
336 |a text  |b txt  |2 rdacontent 
337 |a unmediated  |b n  |2 rdamedia 
338 |a volume  |b nc  |2 rdacarrier 
490 1 |a OECD working papers,  |x 1022-2227 ;  |v v. 5, no. 87 
504 |a Includes bibliographical references. 
500 |a Cover title. 
650 0 |a Labor supply. 
650 0 |a Labor economics. 
710 2 |a Organisation for Economic Co-operation and Development. 
830 0 |a OECD working papers.  |x 1022-2227 ;  |v v. 5, no. 87. 
999 |a MARS 
999 f f |s 94dfb705-9363-3a31-bce4-a554e73a1531  |i 5d66130b-6811-38a5-8e55-59315d557d38  |t 0 
952 f f |p ric  |a Texas A&M University  |b Rellis Campus  |c Joint Library Facility  |d Remote Storage  |t 0  |e HD72 .O38 v.5 no.87  |h Library of Congress classification  |i unmediated -- volume  |m A14821548280 
998 f f |a HD72 .O38 v.5 no.87  |t 0  |l Remote Storage